000 00898nam a22003017a 4500
001 7745
003 FISKH
005 20250828112249.0
008 250805b cb ||||| |||| 00| 0 eng d
020 _a9780439351782
040 _aFISKH
_beng
_cFISKH
_dFISKH
050 _a G175 .N355
082 _a 910.92
100 _aDavid, neufeld
245 _aGreat Explorations /
_cWritten by David Neufeld ; Illustrated by Nora Koerber
250 _aThis edition first published in 2002
260 _aNew York :
_bScholastic,
_c2002
300 _a16 pages :
_bcolor illustrations ;
_c23 cm
505 _aR
520 _aA book which tells the tales of many great explorers.
521 8 _a770
_bLexile
521 8 _aR
_bRaz-Plus
650 _2Social studies
_aExplorers
650 _2Libraries
_aLevel U
700 _aKoerber, Nora
_dillustrator
942 _2ddc
_cBK
_n0
999 _c7745
_d7745